[Event "Paul Keres Memorial-U20 Girls 2020"]
[Site "Parnu"]
[Date "2020.08.01"]
[Round "8.3"]
[White "Nazarova, Anastasia"]
[Black "Nilssen, Ellen Fredericia"]
[Result "1-0"]
[WhiteElo "2171"]
[BlackElo "2071"]
[Annotator "ChessBase"]
[PlyCount "107"]
[EventDate "2020.07.27"]
[EventType "tourn"]
[EventCountry "EST"]
[TimeControl "5400+30"]

1. e4 {[%emt 0:00:00]} e6 {[%emt 0:00:00]} 2. d4 {[%emt 0:00:00]} d5 {[%emt 0:00:00]} 3. Nd2 {[%emt 0:00:00]} c5 {[%emt 0:00:00]} 4. exd5 {[%emt 0:00:00]} exd5 {[%emt 0:00:01]} 5. Ngf3 {[%emt 0:00:00]} Nc6 {[%emt 0:00:16]} 6. Bb5 {[%emt 0:00:10]} Qe7+ {[%emt 0:00:07]} 7. Be2 {[%emt 0:00:15]} Qc7 {[%emt 0:00:10]} 8. O-O {[%emt 0:00:18]} Nf6 {[%emt 0:00:07]} 9. Re1 {[%emt 0:00:14]} cxd4 {[%emt 0:00:12]} 10. h3 {[%emt 0:03:15]} Be7 {[%emt 0:01:12]} 11. Nb3 {[%emt 0:02:17]} O-O {[%emt 0:00:11]} 12. Nbxd4 {[%emt 0:00:15]} Re8 {[%emt 0:00:13]} 13. c3 {[%emt 0:01:53]} a6 {[%emt 0:00:08]} 14. Be3 {[%emt 0:00:56]} Bd7 {[%emt 0:04:17]} 15. Qc2 {[%emt 0:02:05]} Ne4 {[%emt 0:07:17]} 16. Rad1 {[%emt 0:07:16]} Bd6 {[%emt 0:04:03]} 17. Qc1 {[%emt 0:05:28]} Rad8 {[%emt 0:04:29]} 18. Bd3 {[%emt 0:02:21]} Nxd4 19. Nxd4 Be5 {[%emt 0:07:11]} 20. Bc2 {[%emt 0:08:49]} Bc6 {[%emt 0:12:54]} 21. Nf3 {[%emt 0:08:11]} Bd6 {[%emt 0:02:22]} 22. Bb3 {[%emt 0:01:57]} Re6 {[%emt 0:02:04]} 23. Ng5 {[%emt 0:12:28]} Rg6 {[%emt 0:04:09]} 24. Nxe4 {[%emt 0:08:53]} dxe4 {[%emt 0:00:07]} 25. Kh1 {[%emt 0:00:01]} Qe7 {[%emt 0:04:45]} 26. Rd4 {[%emt 0:13:50]} Re8 {[%emt 0:01:06]} 27. Bf4 {[%emt 0:06:19]} Bc5 {[%emt 0:01:07]} 28. Rd2 {[%emt 0:02:13]} Qf6 {[%emt 0:14:20]} 29. Be3 {[%emt 0:06:23]} Bd6 {[%emt 0:00:08]} 30. Qd1 {[%emt 0:00:45]} Bd7 {[%emt 0:05:52]} 31. Rd5 {[%emt 0:03:03]} Bc6 {[%emt 0:05:01]} 32. Rd2 {[%emt 0:00:49]} Bc7 {[%emt 0:00:04]} 33. Bd5 {[%emt 0:01:57]} Qe5 {[%emt 0:06:15]} 34. g3 {[%emt 0:00:10]} Qf5 {[%emt 0:00:29]} 35. Kg2 {[%emt 0:02:49]} h5 {[%emt 0:00:07]} 36. Bxc6 {[%emt 0:00:07]} bxc6 {[%emt 0:00:03]} 37. h4 {[%emt 0:02:02]} Ree6 {[%emt 0:01:20]} 38. Rd7 {[%emt 0:00:42]} Bd6 {[%emt 0:01:21]} 39. Rd8+ {[%emt 0:00:14]} Kh7 {[%emt 0:00:02]} 40. Bg5 {[%emt 0:00:44]} f6 {[%emt 0:00:33]} 41. Qxh5+ {[%emt 0:00:41]} Rh6 {[%emt 0:00:13]} 42. Qf7 {[%emt 0:00:05]} Qf3+ {[%emt 0:01:15]} 43. Kg1 {[%emt 0:00:05]} Bxg3 {[%emt 0:05:27]} 44. Qg8+ {[%emt 0:00:59]} Kg6 {[%emt 0:00:01]} 45. fxg3 {[%emt 0:00:21]} Qxg3+ {[%emt 0:00:43]} 46. Kf1 {[%emt 0:00:16]} Qf3+ {[%emt 0:01:02]} 47. Kg1 {[%emt 0:00:05]} Qg4+ {[%emt 0:00:39]} 48. Kf2 {[%emt 0:01:29]} fxg5 {[%emt 0:00:02]} 49. Ke3 {[%emt 0:00:21]} Rxh4 {[%emt 0:00:42]} 50. Kd2 {[%emt 0:00:46]} e3+ {[%emt 0:02:41]} 51. Kc1 {[%emt 0:00:33]} e2 {[%emt 0:00:31]} 52. Rd7 {[%emt 0:00:22]} Rh7 {[%emt 0:01:01]} 53. Qf7+ {[%emt 0:00:17]} Kh6 {[%emt 0:00:28]} 54. Rh1+ {[%emt 0:00:06]} 1-0

[Event "Paul Keres Memorial-U20 Girls 2020"]
[Site "Parnu"]
[Date "2020.08.01"]
[Round "8.4"]
[White "Narva, Mai"]
[Black "Norlamo, Sarabella"]
[Result "1-0"]
[WhiteElo "2333"]
[BlackElo "2023"]
[Annotator "ChessBase"]
[PlyCount "61"]
[EventDate "2020.07.27"]
[EventType "tourn"]
[EventCountry "EST"]
[TimeControl "5400+30"]

1. e4 {[%emt 0:00:00]} e5 {[%emt 0:00:00]} 2. Nf3 {[%emt 0:00:00]} Nc6 {[%emt 0:00:00]} 3. Bb5 {[%emt 0:00:00]} a6 {[%emt 0:00:00]} 4. Ba4 {[%emt 0:00:00]} Nf6 {[%emt 0:00:00]} 5. O-O {[%emt 0:00:00]} b5 {[%emt 0:00:00]} 6. Bb3 {[%emt 0:00:00]} Be7 {[%emt 0:00:00]} 7. Re1 {[%emt 0:00:12]} O-O {[%emt 0:00:00]} 8. h3 {[%emt 0:00:05]} d6 {[%emt 0:00:05]} 9. c3 {[%emt 0:00:04]} Na5 {[%emt 0:00:05]} 10. Bc2 {[%emt 0:00:04]} c5 {[%emt 0:00:09]} 11. d4 {[%emt 0:00:06]} Nd7 {[%emt 0:00:52]} 12. Nbd2 {[%emt 0:00:10]} exd4 {[%emt 0:00:41]} 13. cxd4 {[%emt 0:00:06]} Nc6 {[%emt 0:00:06]} 14. d5 {[%emt 0:00:05]} Nce5 {[%emt 0:00:06]} 15. a4 {[%emt 0:00:06]} Rb8 {[%emt 0:01:48]} 16. Nxe5 {[%emt 0:00:16]} Nxe5 {[%emt 0:00:07]} 17. f4 {[%emt 0:00:08]} Ng6 {[%emt 0:00:05]} 18. Nf3 {[%emt 0:00:09]} Bh4 {[%emt 0:01:11]} 19. Rf1 {[%emt 0:00:16]} Bg3 {[%emt 0:04:23]} 20. f5 {[%emt 0:00:19]} Ne5 {[%emt 0:00:14]} 21. Ng5 {[%emt 0:00:15]} h6 {[%emt 0:23:45]} 22. f6 {[%emt 0:08:44]} hxg5 {[%emt 0:27:11]} 23. Bxg5 {[%emt 0:02:41]} Ng6 {[%emt 0:10:02]} 24. Qh5 {[%emt 0:04:09]} Be5 {[%emt 0:05:27]} 25. fxg7 {[%emt 0:02:43]} Qe8 {[%emt 0:00:04]} 26. Bf6 {[%emt 0:05:13]} Bxf6 {[%emt 0:01:21]} 27. gxf8=Q+ {[%emt 0:00:30]} Qxf8 {[%emt 0:00:10]} 28. Rxf6 {[%emt 0:00:14]} Ne5 {[%emt 0:00:58]} 29. axb5 {[%emt 0:04:52]} Rxb5 {[%emt 0:00:17]} 30. Rh6 {[%emt 0:00:49]} Ng6 {[%emt 0:01:03]} 31. e5 {[%emt 0:00:51]} 1-0

[Event "Paul Keres Memorial-U20 Girls 2020"]
[Site "Parnu"]
[Date "2020.08.01"]
[Round "8.5"]
[White "Olde, Grete"]
[Black "Tonso, Liina"]
[Result "0-1"]
[WhiteElo "1968"]
[BlackElo "1862"]
[Annotator "TA"]
[PlyCount "106"]
[EventDate "2020.07.27"]
[EventType "tourn"]
[EventCountry "EST"]

{[%evp 14,106,39,2,0,3,38,53,73,45,50,0,0,-119,-126,-125,-141,-181,-96,-88,50,46,51,52,33,55,86,75,75,80,113,58,125,19,113,-67,-84,-77,-35,-81,0,-12,-8,-87,-54,-62,-36,-43,-42,-73,-69,-68,-47,-41,-44,-112,-18,-91,0,0,0,-54,-64,-60,-48,-91,-50,-43,-18,-47,-47,-123,-70,-350,-320,-319,-319,-29972,-29973,-29964,-29968,-8225,-6813,-1719,-860,-29978,-29975,-29980,-29981,-29980,-29980,-29983,-29975,-29974,-29975]} 1. e4 e6 2. d4 d5 3. exd5 exd5 4. Bd3 Nc6 5. Nf3 Bd6 6. c3 Nge7 7. O-O Bg4 8. Be3 Qd7 {C01: French: Exchange Variation.} 9. Nbd2 O-O-O 10. b4 Ng6 {White is slightly better.} 11. a4 {[#]} f5 $146 ({Predecessor:} 11... h5 12. a5 Nce7 13. b5 Kb8 14. b6 a6 15. Qb3 c6 16. c4 h4 17. cxd5 Nxd5 18. h3 Bxh3 19. gxh3 Qxh3 20. Qc2 Ngf4 21. Bxf4 Nxf4 22. Nxh4 Ne2+ {0-1 (22) Sethuraman,R (1284)-Karthik,D (1467) chess.com INT 2020}) 12. Nb3 f4 13. Bd2 (13. Bc1 $1 $11) 13... Nh4 $1 $17 {Threatens to win with ...Bxf3.} 14. Be2 Rde8 $1 15. Kh1 {[#]} Kb8 (15... Rxe2 $1 $19 {[%mdl 512]} 16. Nxh4 (16. Qxe2 Bxf3 17. gxf3 Re8 $19) 16... f3 $1 {[%mdl 512]} 17. Nxf3 Bxf3 18. gxf3 Qh3 $1 {[%mdl 512]}) 16. b5 Bxf3 (16... Rxe2 $1 $17 17. bxc6 Qe7 18. Nxh4 Qxh4) 17. Bxf3 $14 Ne7 18. c4 $36 {[%mdl 2048] White fights for an advantage.} dxc4 19. Na5 $1 {[%csl LRb7,LRc4]} Nxf3 20. Qxf3 {[%csl Ga5][%cal Rf3b7][%mdl 64] Double Attack} Qc8 21. Nxc4 g5 {[#]} 22. a5 (22. b6 $1 $16 {[%mdl 512]}) 22... Nf5 (22... Qe6 $14 23. Nxd6 Qxd6) 23. Bc3 (23. b6 $16) 23... Nh4 (23... g4 $11 24. Qd3 Rhf8) 24. Qh3 $2 (24. Nxd6 $16 cxd6 25. Qd3) 24... Qxh3 $15 25. gxh3 Nf5 26. b6 a6 (26... Re2 $17) 27. bxc7+ Bxc7 28. Rfd1 (28. d5 $1 $11) 28... Nd6 29. Nxd6 Bxd6 30. d5 Rhf8 31. Rab1 Rc8 32. Bd4 Rc4 33. Rb6 Kc7 34. Bb2 ({White should try} 34. f3 $15) 34... Re8 (34... Rf5 $17 {Black wants to play ...f3.} 35. Rb1 Rxd5) 35. Bf6 (35. Kg2 $11 {keeps the balance.}) 35... h6 (35... Rb4 $17 36. Rxb4 (36. Bxg5 Rxb6 37. axb6+ Kxb6 $17) 36... Bxb4) 36. Rdb1 $11 Bc5 37. d6+ (37. Rxb7+ $11 Kd6 38. Rh7) 37... Kd7 $15 38. Rxb7+ Kxd6 39. R7b2 Re6 40. Bd8 Rc3 41. Rd1+ Kc6 {Strongly threatening ...f3.} 42. Rb8 {[#]} (42. h4 $15) 42... Rd6 (42... Re8 $1 $17 43. Rc8+ Kb5 44. Rb8+ Kc4) 43. Rc8+ $2 {[%mdl 8192] [#] This move loses the game for White.} (43. Ra1 $15) 43... Kd7 $1 $19 {[%mdl 512]} 44. Rxd6+ Kxd6 {[%mdl 4096] Endgame KRB-KRB} ({Much less strong is} 44... Kxc8 45. Rd1 $19) 45. Kg2 $2 (45. Rb8 $19) 45... f3+ 46. Kg3 {[#]} Bxf2+ $1 {[%mdl 576] Discovered Attack} 47. Kxf2 Rxc8 {KR-KB} 48. Bb6 Rc3 49. Kg3 h5 {Black mates.} 50. Bd8 {[#]} g4 $1 51. hxg4 hxg4 52. h3 {[#]} f2+ $1 53. Kxf2 Rxh3 {Accuracy: White = 36%, Black = 49%.} 0-1

[Event "Paul Keres Memorial-U20 Girls 2020"]
[Site "Parnu"]
[Date "2020.08.01"]
[Round "9.1"]
[White "Tonso, Liina"]
[Black "Olde, Margareth"]
[Result "0-1"]
[WhiteElo "1862"]
[BlackElo "2201"]
[Annotator "TA"]
[PlyCount "102"]
[EventDate "2020.07.27"]
[EventType "tourn"]
[EventCountry "EST"]
[SourceTitle "playchess.com"]
[Source "ChessBase"]
[SourceQuality "1"]

{[%evp 12,102,10,10,25,-2,21,-3,2,-2,8,-15,0,-6,5,-26,0,-25,-6,0,4,0,0,0,51,59,99,92,94,66,77,0,0,-12,43,43,59,65,70,59,52,41,64,34,67,0,11,10,9,6,132,76,150,75,95,0,95,58,488,489,441,295,245,272,413,291,331,333,435,470,514,532,490,445,433,410,347,27,385,387,362,-151,-158,-29980,-29981,-29991,-1204,-29992,-29993,-29993,-4779,-29994,-29995]} 1. d4 f5 2. h3 Nf6 3. Nf3 d6 4. Bf4 g6 5. e3 Bg7 6. c4 O-O 7. Nc3 Nc6 {A85: Dutch Defence: 2 c4 Nf6 3 Nc3.} 8. Be2 Qe8 9. d5 {[#]} e5 $146 {The position is equal.} ({Predecessor:} 9... Nd8 10. O-O e5 11. dxe6 Nxe6 12. Bh2 Bd7 13. Qc2 Bc6 14. Rad1 Ne4 15. Nd5 Rc8 {½-½ (23) Moncelli,G (2145)-Natalucci,F (2225) Corsico 1996}) 10. dxe6 Bxe6 11. O-O (11. Nd5 $5 {[%cal Rd5c7]} Rc8 12. O-O $11) 11... h6 12. Nd4 Bf7 13. a3 a6 14. Qc2 Ne4 15. Nxe4 fxe4 16. Rfd1 g5 {Strongly threatening ...Nxd4.} 17. Bg3 Bg6 ({Black should try} 17... Nxd4 $11 18. exd4 Rd8) 18. Nxc6 $14 bxc6 19. c5 d5 20. Bxc7 Rxf2 21. Bg3 (21. Kxf2 $16 Qf7+ 22. Kg1 Qxc7 23. Bg4) 21... Rf7 $11 22. Rf1 h5 (22... Rf3 $11 23. gxf3 (23. Bxf3 exf3 24. Qd2 fxg2 $15) 23... exf3) 23. Rxf7 $14 Qxf7 24. Rf1 Qe6 25. b4 Kh7 26. Qd2 Rd8 27. Bxa6 d4 $1 28. exd4 (28. b5 $14) 28... Bxd4+ (28... e3 $5 {[%cal Re3d2]} 29. Qe2 Rxd4 $14) 29. Kh1 e3 30. Qe2 {White wants to play Bd6.} Bc3 (30... Kh6 $1 $11 {keeps the balance.}) 31. Rd1 (31. Bd6 $142 $1) 31... Bd2 (31... Rxd1+ $142 32. Qxd1 h4) 32. Bc4 (32. Bd6 $142) 32... Qe4 $16 33. Rf1 (33. b5 $1 $16 {[%cal Rb5b6]} h4 34. Bd6 cxb5 35. Bxb5) 33... Kh6 (33... Rd4 $11 34. Ba6 Bc3) 34. Rf6 $36 {[%cal Bf1f6,Bf6e6,Be6e3][%mdl 2080] White has the initiative.} h4 $2 {[%mdl 8192]} (34... Bc3 $1 $14 35. Rd6 Rxd6 36. Bxd6 (36. cxd6 Bf5 $11) 36... h4) 35. Bd6 $18 {Hoping for Bd3!} Kg7 36. Qf1 Bc3 37. Re6 Qf5 (37... e2 $142 38. Qxe2 Qxe2 39. Bxe2 (39. Rxe2 Ra8 $18) 39... Ra8) 38. Qxf5 Bxf5 39. Rxe3 Bd4 40. Re7+ Kg6 {and the idea ...Ra8 leaves Black hopeful.} 41. a4 Bf6 42. Re3 Bd4 43. Re2 Ra8 44. Ra2 $2 ({White has to play} 44. a5 $18) 44... g4 $2 {[%mdl 8192]} (44... Re8 $1 $11 {and Black has nothing to worry.} 45. Re2 Ra8) 45. hxg4 Bxg4 {...Re8 is the strong threat.} 46. b5 $2 {[#]} ({Better is} 46. Kh2 $18) 46... Re8 $1 $17 {[%cal Re8e1] ( -> ...Re1+)} 47. Kh2 $2 {[#]} (47. Be2 $17 Bxe2 48. Rd2) 47... Re1 $1 48. bxc6 Bg1+ 49. Kh1 Bxc5+ 50. Kh2 Bxd6+ 51. g3 Bf3 {Accuracy: White = 56%, Black = 61%.} 0-1

[Event "Paul Keres Memorial-U20 Girls 2020"]
[Site "Parnu"]
[Date "2020.08.01"]
[Round "9.2"]
[White "Norlamo, Sarabella"]
[Black "Olde, Grete"]
[Result "0-1"]
[WhiteElo "2023"]
[BlackElo "1968"]
[Annotator "TA"]
[PlyCount "78"]
[EventDate "2020.07.27"]
[EventType "tourn"]
[EventCountry "EST"]
[SourceTitle "playchess.com"]
[Source "ChessBase"]
[SourceQuality "1"]

{[%evp 20,78,37,35,77,47,75,10,13,22,20,0,0,-5,-2,-23,0,0,11,8,12,-12,-16,-17,-23,-38,0,0,128,126,130,129,139,150,164,70,90,63,89,85,87,68,88,72,72,74,66,75,115,16,98,102,115,-4,-4,-73,-75,-931,-909,-29978,-29979]} 1. d4 d5 2. c4 e6 3. Nc3 Be7 4. Nf3 Nf6 5. Bf4 O-O 6. e3 b6 7. cxd5 exd5 8. Bd3 c5 9. Ne5 Bb7 10. O-O Nc6 11. Qf3 Nxe5 {D37: Queen's Gambit Declined: 5 Bf4.} 12. Bxe5 {[#]} Nd7 $146 ({Predecessor:} 12... Qd7 13. Bf5 Qc6 14. Qh3 g6 15. Bc2 Rfd8 16. Rfd1 c4 17. Qf3 a6 18. a4 Qe6 {½-½ (40) Fernandez Camello,A (2168)-Marino Bravo,M (2165) Linares 2019}) 13. Qh3 (13. Rfd1 $16) 13... g6 $11 {The position is equal.} 14. Bf4 a6 15. Rac1 Bf6 16. Ne2 Re8 17. Rfd1 Qe7 18. b3 Nf8 19. Qg3 Bh4 20. Qf3 Ne6 21. Bg3 Bf6 22. Nf4 Ng5 23. Qe2 Qd7 (23... cxd4 $11 {keeps the balance.} 24. Nxg6 hxg6) 24. dxc5 $16 bxc5 25. Rxc5 d4 26. Qc2 {Hoping for Rc7.} dxe3 27. fxe3 ({White should try} 27. Rc7 $18 exf2+ 28. Kf1) 27... Rac8 28. Rxc8 Rxc8 {[#]} 29. Bc4 $1 Qe7 30. Qe2 Re8 31. Nd5 Bxd5 32. Rxd5 Ne4 {next ...Nc3 is good for Black.} 33. Be1 ({Don't go for} 33. Bxa6 $2 Nc3 $19) 33... Bg5 34. Bd3 (34. Qf3 $16) 34... Qa7 {[#]} (34... Nc5 $11) 35. Bxe4 $1 ({Wrong is} 35. Bxa6 $2 Bxe3+ 36. Kh1 Bf2 $19) 35... Bxe3+ 36. Bf2 (36. Kh1 $16 Rxe4 37. Bc3) 36... Rxe4 $11 37. Bxe3 (37. Rd1 $11 {remains equal.}) 37... Rxe3 $17 38. Rd8+ $2 {[%mdl 8192]} (38. Rd7 $17) 38... Re8+ $1 $19 {[%mdl 64] Discovered Attack} 39. Kf1 Rxd8 {Quite a comeback for Black. Accuracy: White = 53%, Black = 70%.} 0-1

[Event "Paul Keres Memorial-U20 Girls 2020"]
[Site "Parnu"]
[Date "2020.08.01"]
[Round "9.3"]
[White "Nilssen, Ellen Fredericia"]
[Black "Narva, Mai"]
[Result "0-1"]
[WhiteElo "2071"]
[BlackElo "2333"]
[Annotator "TA"]
[PlyCount "88"]
[EventDate "2020.07.27"]
[EventType "tourn"]
[EventCountry "EST"]
[SourceTitle "playchess.com"]
[Source "ChessBase"]
[SourceQuality "1"]

{[%evp 18,87,14,-15,0,0,-4,-25,-22,-34,-10,-50,-50,-49,-42,-54,-49,-53,-46,-47,-41,-81,-79,-85,-44,-93,-83,-229,-202,-208,-99,-154,-79,-79,-79,-79,-79,-172,-157,-231,-229,-226,-205,-216,-203,-146,-79,-433,-256,-294,-255,-897,-797,-2001,-1507,-2043,-1787,-29964,-29966,-29965,-29967,-29967,-29968,-29969,-29966,-29975,-29976,-29996,-29997,-29997,-29998,-29999]} 1. d4 Nf6 2. c4 e6 3. Nf3 d5 4. Nc3 Bb4 5. Bg5 h6 6. Bxf6 Qxf6 7. e3 O-O 8. Qb3 c5 9. cxd5 exd5 10. Be2 Be6 {D38: Queen's Gambit Declined: Ragozin Defence (4 Nf3 Bb4).} 11. O-O Nc6 12. a3 c4 {[#] Black has an edge.} 13. Qc2 $146 ({Predecessor:} 13. Qd1 Ba5 14. Rc1 a6 15. b4 Bc7 16. Nd2 b5 17. f4 Rfd8 18. Nf3 Bf5 19. Ne5 {½-½ (47) Flom,G (2356)-Ehlvest,J (2603) New York 2008}) 13... Bxc3 14. Qxc3 b5 15. Ne5 Bf5 16. Bf3 Qe6 17. Nxc6 Qxc6 18. a4 {White wants to play axb5.} Rfb8 19. axb5 Rxb5 20. h3 Rab8 21. Ra2 Qb6 22. g4 (22. Rc1 $17) 22... Bd3 $19 23. Rc1 Rb3 (23... Qf6 $19 {and Black stays clearly on top.} 24. Bg2 h5 $1 {[%mdl 512]}) 24. Qe1 ({Better is} 24. Qa5 Rxb2 25. Qxb6 R2xb6 26. Kg2) 24... Rxb2 (24... Qd8 $142 25. Qd2 Qh4) 25. Rxb2 $17 Qxb2 26. Bxd5 Rb4 27. e4 (27. Kg2 $17) 27... a5 $19 28. Qe3 {[#]} (28. e5 $17 Qxd4 29. e6 Qxd5 30. e7) 28... Qxc1+ $3 {[%mdl 512]} 29. Qxc1 Rb1 30. Qxb1 Bxb1 31. Bxc4 {[%mdl 4096] Endgame KB-KB} a4 ({Black should play} 31... Bxe4 {White must now prevent ...a4.} 32. Kf1 Kf8) 32. d5 $2 {[%mdl 8192]} (32. Kf1 $17 {is tougher.}) 32... a3 (32... Bxe4 $142 33. Kf1 Bb1) 33. d6 {White wants to mate with d7.} Kf8 34. d7 $2 (34. e5) 34... Ke7 35. Bxf7 Bxe4 36. Be6 Bb1 37. f4 a2 {Black mates.} 38. Bxa2 Bxa2 39. Kf2 Kxd7 {KB-K3P} 40. Kg3 Ke6 41. f5+ Ke5 42. Kh4 Kf4 43. f6 g6 44. g5 hxg5# {Accuracy: White = 37%, Black = 68%.} 0-1

[Event "Paul Keres Memorial-U20 Girls 2020"]
[Site "Parnu"]
[Date "2020.08.01"]
[Round "9.4"]
[White "Limanovska, Elizabete"]
[Black "Nazarova, Anastasia"]
[Result "1/2-1/2"]
[WhiteElo "2179"]
[BlackElo "2171"]
[Annotator "TA"]
[PlyCount "49"]
[EventDate "2020.07.27"]
[EventType "tourn"]
[EventCountry "EST"]
[SourceTitle "playchess.com"]
[Source "ChessBase"]
[SourceQuality "1"]

{[%evp 18,49,15,5,20,8,18,13,70,72,51,-13,-13,-15,-10,-16,-15,-39,29,35,19,0,0,-16,0,0,0,0,0,0,0,0,0,0]} 1. e4 e5 2. Nf3 Nc6 3. Bb5 a6 4. Ba4 Nf6 5. O-O Be7 6. Re1 b5 7. Bb3 O-O 8. a4 b4 9. d3 d6 10. h3 Rb8 {C88: Closed Ruy Lopez: Anti-Marshall Systems.} 11. Nbd2 Na5 12. Ba2 Be6 (12... c5 $11) 13. Bxe6 $14 fxe6 {[#]} 14. Nc4 $146 (14. d4 $1 $14) ({Predecessor:} 14. Nf1 c5 15. Ng3 Qd7 16. b3 Nc6 17. Rf1 Bd8 18. Be3 Bc7 19. Nh2 Nd4 20. Ne2 {0-1 (61) Swiercz,D (2616)-Korobov,A (2693) Wroclaw 2014}) 14... Nxc4 $11 15. dxc4 Qe8 16. Ng5 Bd8 17. c5 d5 ({Black should play} 17... h6 $15 18. Nf3 Qc6) 18. exd5 exd5 19. Nf3 {The position is equal.} e4 20. Nd4 Be7 21. Ne6 {[%mdl 64] [#] Double Attack} Rf7 22. Ng5 $1 Rf8 23. Ne6 {[%mdl 64] Double Attack} Rf7 24. Ng5 $1 Rf8 25. Ne6 {[%mdl 64] Double Attack. Accuracy: White = 83%, Black = 76%.} 1/2-1/2

[Event "Paul Keres Memorial-U20 Girls 2020"]
[Site "Parnu"]
[Date "2020.08.01"]
[Round "9.5"]
[White "Muetsch, Annmarie"]
[Black "Kiolbasa, Oliwia"]
[Result "1/2-1/2"]
[WhiteElo "2219"]
[BlackElo "2160"]
[Annotator "TA"]
[PlyCount "31"]
[EventDate "2020.07.27"]
[EventType "tourn"]
[EventCountry "EST"]
[SourceTitle "playchess.com"]
[Source "ChessBase"]
[SourceQuality "1"]

{[%evp 11,31,-6,-1,-2,36,20,33,21,33,37,39,27,37,16,28,33,25,3,38,20,18,12]} 1. e4 e5 2. Nf3 Nc6 3. d4 exd4 4. Nxd4 Bc5 5. Nb3 Bb6 6. Nc3 Nf6 7. Qe2 {C45: Scotch Game.} d6 8. Be3 Qe7 9. O-O-O {White is slightly better.} Be6 ({But not} 9... Nxe4 $2 10. Nd5 $18) 10. g3 O-O-O 11. Bg2 Kb8 12. Kb1 Rhe8 {[#]} 13. Bxb6 $146 ({Predecessor:} 13. h3 Nd7 14. Rhe1 Bxe3 15. Qxe3 Nb6 16. Qf4 g5 17. Qf3 f6 18. Rh1 Qg7 19. Nb5 {1-0 (39) Vavulin,M (2582)-Sanal,V (2477) Khanty-Mansiysk 2016}) 13... axb6 14. Nd4 Bd7 15. Rhe1 Qe5 16. Nxc6+ {Accuracy: White = 100%, Black = 77%.} 1/2-1/2